À perte de traces (notice n° 1605451)

détails MARC
000 -LEADER
fixed length control field 01489cam a2200181 4500500
005 - DATE AND TIME OF LATEST TRANSACTION
control field 20251228095048.0
041 ## - LANGUAGE CODE
Language code of text/sound track or separate title fre
042 ## - AUTHENTICATION CODE
Authentication code dc
100 10 - MAIN ENTRY--PERSONAL NAME
Personal name Samama, Guy
Relator term author
245 00 - TITLE STATEMENT
Title À perte de traces
260 ## - PUBLICATION, DISTRIBUTION, ETC.
Date of publication, distribution, etc. 2018.<br/>
500 ## - GENERAL NOTE
General note 16
520 ## - SUMMARY, ETC.
Summary, etc. Le plus souvent, disparition et mort sont associées au point même d’être identifiées. Or, il existe des modes infiniment variés, des formes plus subtiles, de disparition. Pour un regard ne s’arrêtant pas aux apparences, la finalité de la disparition serait peut-être à chercher dans ce qui se donne pour son négatif et son envers : la transmission.
520 ## - SUMMARY, ETC.
Summary, etc. Most of the time, disappearance and death are associated and even identified with each other. There are, however, forms of disppearance which are infinitely varied and much more subtle. If our gaze did not stop at appearances, we might seek the finality of disappearance in what seems to be its negative and its opposite – transmission.
520 ## - SUMMARY, ETC.
Summary, etc. É tão frequente associarmos desaparecimento e morte que tendemos a confundir as duas realidades. Ora, existem muitas outras, mais variadas e subtis formas de desaparecimento. Para o olhar que não se limita às aparências, a finalidade do desaparecimento deve ser procurada no seu reverso ou duplo negativo: a transmissão.
786 0# - DATA SOURCE ENTRY
Note Sigila | 41 | 1 | 2018-06-01 | p. 21-33 | 1286-1715
856 41 - ELECTRONIC LOCATION AND ACCESS
Uniform Resource Identifier <a href="https://shs.cairn.info/revue-sigila-2018-1-page-21?lang=fr&redirect-ssocas=7080">https://shs.cairn.info/revue-sigila-2018-1-page-21?lang=fr&redirect-ssocas=7080</a>

Pas d'exemplaire disponible.

PLUDOC

PLUDOC est la plateforme unique et centralisée de gestion des bibliothèques physiques et numériques de Guinée administré par le CEDUST. Elle est la plus grande base de données de ressources documentaires pour les Étudiants, Enseignants chercheurs et Chercheurs de Guinée.

Adresse

627 919 101/664 919 101

25 boulevard du commerce
Kaloum, Conakry, Guinée

Réseaux sociaux

Powered by Netsen Group @ 2025